Následná revízia IFRS 8 – Prevádzkové segmenty

Rada pre Medzinárodné účtovné štandardy (IASB) začala verejnú časť preskúmania IFRS 8 – Prevádzkové segmenty vydaním informácie o poskytnutí informácií o vplyve aplikácie štandardu. IASB sa týmto spôsobom snaží získať informácie o tom, či aplikácia štandardu je správna, ale aj o ďalších praktických...

Full description

Saved in:
Bibliographic Details
Main Author: Ješš, Michal, 1986-
Format: Book Chapter
Language:Slovak
Subjects:
Tags: Add Tag
No Tags, Be the first to tag this record!

MARC

LEADER 00000nla a2200000 4500
001 0157801
005 20240502072743.8
041 0 |a slo 
044 |a SK 
245 1 0 |a Následná revízia IFRS 8 – Prevádzkové segmenty  |c Michal Ješš 
520 |a Rada pre Medzinárodné účtovné štandardy (IASB) začala verejnú časť preskúmania IFRS 8 – Prevádzkové segmenty vydaním informácie o poskytnutí informácií o vplyve aplikácie štandardu. IASB sa týmto spôsobom snaží získať informácie o tom, či aplikácia štandardu je správna, ale aj o ďalších praktických informáciách súvisiacich s cieľom štandardu a nákladmi spojenými s aplikáciou tohto štandardu. 
610 2 0 |a štandardy účtovné medzinárodné 
610 2 0 |a IFRS 
610 2 0 |a podnik malý 
610 2 0 |a podnik stredný 
610 2 0 |a závierka účtovná 
100 1 |a Ješš, Michal, 1986-